1984 George Orwell - Statistics

General Stats
  • This quiz has been taken 710 times
  • The average score is 18 of 31
Answer Stats
Hint Answer % Correct
Main protagonist in the novel. Winston Smith
91%
Division of government (ministry) in charge of wars. Minipax
89%
Party slogan: WAR IS-- PEACE
89%
Leader of English Socialist Party Big Brother
83%
Party slogan: FREEDOM IS-- SLAVERY
80%
Rebellious love-interest of the protagonist. Julia
79%
Year in which the novel takes place. 1984
78%
Setting of novel. Oceania
75%
Language which is slowly integrated into common English. Newspeak
74%
Nation at which above is and always has been at war with. Eastasia
72%
Division of government (ministry) where criminals are brought. Miniluv
72%
Ministry in which protagonist is employed. Ministry of Truth
72%
Division of government (ministry) where history is rectified. Minitrue
72%
Political Party; English Socialism. INGSOC
68%
Police division employed to arrest thought criminals Thought Police
66%
Two minutes where population as a whole criticizes heretic. Two Minutes Hate
65%
Majority of the population; social class. Proles
64%
Member of the Inner Party with whom protagonist interacts. O'Brien
59%
Leader of above underground party. Emmanuel Goldstein
58%
Party slogan: IGNORANCE IS-- STRENGTH
57%
Party members are observed using this technology. Telescreen
56%
Supposed underground rebellion party. The Brotherhood
52%
Division of government (ministry) in charge of rations. Miniplenty
50%
Name of country in which novel takes place (UK). Airstrip One
45%
Friend of protagonist who disappears Syme
33%
Proprietor of antique shop where protagonist buys journal. Mr. Charrington
31%
Neighbor of protagonist. Mr. Parsons
31%
Ideology utilized by The Party to control the populus. Doublethink
27%
Infamous book written by leader of underground party. Goldstein's Book
24%
Daily physical routine. Physical Jerks
11%
Name for bombardments. Rocket Bombs
7%
No matching quizzes found
Score Distribution
Percent of People with Each Score
Percentile by Number Answered
Your Score History
You have not taken this quiz